| 000 | 00692nam a2200181Ia 4500 | ||
|---|---|---|---|
| 999 |
_c38479 _d38479 |
||
| 001 | 4492 | ||
| 003 | GE_BSU | ||
| 005 | 20191021121800.0 | ||
| 008 | 181216s2011||||ge |||||||||||||| ||geo|| | ||
| 040 | _cGE_BSU | ||
| 041 | _ageo | ||
| 080 | _a32+36 პ–55 | ||
| 245 | _aპოლიტიკური პარტიების ფინანსები 2011 წელს. | ||
| 264 |
_aთბილისი : _bსაერთაშორისო გამჭირვალობა საქართველო, _c2011. |
||
| 300 |
_a70 გვ.; _b30 სმ. |
||
| 653 | _aპოლიტიკური პარტიების ფინანსები | ||
| 942 |
_cBK _2udc |
||